000 00663nam a2200217Ia 4500
003 OSt
005 20240829142220.0
006 a|||||r|||| 00| 0
008 220927b |||||||| |||| 00| 0 eng d
020 _a9780849331183
037 _cTextual
040 _aSDCL
_cSDCL
_beng
041 _2eng
_aeng
082 _aB28g N7 RR
100 _aBalakrishanan, N
_9443222
245 0 _aCRC Handbook of tables for order statistics from inverse Gaussion distributins with applications.
260 _aBoca Raton
_b CRC Press
_c1997
300 _ax,686p.
_ccm.
942 _hB28g N7 RR
_cREF
_2CC
999 _c758374
_d758374